| Tag |
First Indicator |
Second Indicator |
Subfields |
| LEADER |
00000cam a2200000 4500 |
| 001 |
in00000093257 |
| 005 |
20150925085438.0 |
| 008 |
720728s1972 njua 00100 eng |
| 010 |
|
|
|a 79185164
|
| 020 |
|
|
|a 0815504314
|c $36.00
|
| 035 |
|
|
|a (OCoLC)00390012
|
| 035 |
|
|
|9 AAL1846AM
|
| 040 |
|
|
|a DLC
|c DLC
|d TXA
|d UtOrBLW
|
| 049 |
|
|
|a TXAM
|c [955548]
|
| 050 |
0 |
0 |
|a TL214.P6
|b P67
|
| 082 |
0 |
|
|a 629.2/52
|
| 100 |
1 |
|
|a Post, Daniel,
|d 1929-
|
| 245 |
1 |
0 |
|a Noncatalytic auto exhaust reduction.
|
| 264 |
|
1 |
|a Park Ridge, N.J. :
|b Noyes Data Corp.,
|c 1972.
|
| 300 |
|
|
|a vii, 278 pages :
|b illustrations ;
|c 28 cm.
|
| 336 |
|
|
|a text
|b txt
|2 rdacontent
|
| 337 |
|
|
|a unmediated
|b n
|2 rdamedia
|
| 338 |
|
|
|a volume
|b nc
|2 rdacarrier
|
| 490 |
1 |
|
|a Pollution control review,
|v no. 10
|
| 650 |
|
0 |
|a Motor vehicles
|x Pollution control devices
|x Patents.
|
| 650 |
|
0 |
|a Automobiles
|x Motors
|x Exhaust gas.
|
| 830 |
|
0 |
|a Pollution control review ;
|v no. 10.
|
| 999 |
|
|
|a MARS
|
| 999 |
f |
f |
|s de73c31b-0275-39ce-8e5a-359ba98cbd26
|i e62e3dec-c017-37b4-8a00-3a5677e0746e
|t 0
|
| 952 |
f |
f |
|p ric
|a Texas A&M University
|b Rellis Campus
|c Joint Library Facility
|d Remote Storage
|t 0
|e TL214.P6 P67
|h Library of Congress classification
|i unmediated -- volume
|m A14805524763
|
| 998 |
f |
f |
|a TL214.P6 P67
|t 0
|l Remote Storage
|